000 00791nam a2200253Ia 4500
003 OSt
005 20220927103926.0
006 a|||||r|||| 00| 0
007 ta
008 220926b |||||||| |||| 00| 0 eng d
024 _a84250
037 _cReference Collections
040 _aRTL
_cRTL
_beng
041 _2eng
_aeng
082 _a"X9(D2):27p1.N78, M0/UN"
111 _a"United Nations, Economic And Social Commission For Asia And The Pecific"
_9362151
245 0 _aProceedings of the expert working group
260 _aNew
_bYork United Nations U S A
_c1980
300 _a149p.
_ccm.
490 _a"Its, Water Resorces Series. 53"
650 _aEngineering
_9362152
942 _h"X9(D2):27p1.N78, M0/UN"
_cCC
999 _c685117
_d685117